| 000 | 00467nam a2200169Ia 4500 | ||
|---|---|---|---|
| 003 | OSt | ||
| 005 | 20260303105349.0 | ||
| 008 | 211028s2003 xx 000 0 und d | ||
| 040 | _cAIMIT LIBRARY | ||
| 041 | _aeng | ||
| 100 |
_aK Sadhana;D Souza, Anil Prakash. _g92176 _92246 |
||
| 110 |
_aD Souza, Anil Prakash. _92247 |
||
| 245 | _aMicrocontroller downloading utility / | ||
| 260 |
_aBangalore _c2003 |
||
| 710 |
_aUnisoft India Pvt Ltd _92248 |
||
| 942 |
_2ddc _cPRO |
||
| 999 |
_c216833 _d216833 |
||